Normal view
MARC view
Entry Personal Name
001 - CONTROL NUMBER
- control field: 19560
003 - CONTROL NUMBER IDENTIFIER
- control field: OSt
005 - DATE AND TIME OF LATEST TRANSACTION
- control field: 20260401154713.0
008 - FIXED-LENGTH DATA ELEMENTS
- fixed length control field: 260401|| aca||aabn | a|a d
040 ## - CATALOGING SOURCE
- Original cataloging agency: OSt
- Transcribing agency: OSt
100 ## - HEADING--PERSONAL NAME
- Personal name: Louwers, Timothy J. [et..al]
670 ## - SOURCE DATA FOUND
- Source citation: Work cat.: (OSt)9618: Louwers, Timothy J. [et..al], Auditing & Assurance Services
